000 00393nam a2200181Ia 4500
003 OSt
005 20251125152514.0
008 250729s1911 xx 000 0 und d
040 _cAL
041 _aeng
082 _a900 BURH
100 _aBury J B
_9224847
245 _aHistory of greece
260 _aLondon
_c1911
300 _a909p
650 _aHistory
_9224848
942 _2ddc
_cBED
999 _c236618
_d236618